[Event "XIII Open"]
[Site "Crema ITA"]
[Date "2011.09.02"]
[Round "1"]
[White "Adami, Antonio"]
[Black "Moroni, Luca jr"]
[Result "0-1"]
[WhiteElo "1722"]
[BlackElo "1998"]
[PlyCount "81"]
[EventDate "2011.09.02"]

1. e4 c5 2. Nc3 d6 3. g3 Nc6 4. Bg2 g6 5. d3 Bg7 6. Be3 e6 7. Qd2 Nd4 8. f4 Ne7
9. Nf3 Nec6 10. a3 Rb8 11. O-O O-O 12. Rab1 Qa5 13. Rf2 b5 14. Nd1 b4 15. axb4
Nxb4 16. e5 Nxf3+ 17. Bxf3 dxe5 18. Kh1 Bb7 19. Bxb7 Rxb7 20. fxe5 Bxe5 21. Nc3
f5 22. Bf4 Bxf4 23. Qxf4 Qc7 24. Qxc7 Rxc7 25. Nb5 Rd7 26. Re1 Re8 27. Rfe2 Kf7
28. Kg2 Kf6 29. Na3 Nc6 30. Nc4 Rd5 31. Ne3 Re5 32. Rf2 h5 33. g4 Kf7 34. g5
Kg7 35. h4 Rd8 36. Ree2 Nd4 37. Kg3 Nxe2+ 38. Rxe2 Rd4 39. Kf3 Rxh4 40. Nc4
Rh3+ 41. Kg2 0-1

[Event "XIII Open"]
[Site "Crema ITA"]
[Date "2011.09.02"]
[Round "1"]
[White "Baccarin, Stefano"]
[Black "Ventura, Franco"]
[Result "0-1"]
[WhiteElo "1770"]
[BlackElo "2098"]
[PlyCount "102"]
[EventDate "2011.09.02"]

1. e4 d6 2. d4 Nf6 3. Nc3 g6 4. f4 Bg7 5. Nf3 O-O 6. h3 c5 7. Be3 cxd4 8. Nxd4
Nc6 9. Qd2 Bd7 10. O-O-O Nxd4 11. Bxd4 Bc6 12. Qe3 Qa5 13. g4 e5 14. fxe5 dxe5
15. Bc5 Rfc8 16. Ba3 b5 17. g5 Nh5 18. Nd5 Bxd5 19. Rxd5 a6 20. Qb3 Qe1+ 21.
Rd1 Qxe4 22. Bd3 Qb7 23. Rhe1 Rd8 24. c3 Rac8 25. Kb1 Nf4 26. Be4 Qc7 27. h4
Rxd1+ 28. Rxd1 Rd8 29. Bb4 h6 30. a4 hxg5 31. hxg5 Rxd1+ 32. Qxd1 a5 33. Bd6
Qc4 34. Bc2 bxa4 35. Bxa4 Ne6 36. Bb3 Qe4+ 37. Bc2 Qc6 38. Be7 e4 39. Qe2 Qb7
40. Bf6 Nc5 41. Qe3 Qd5 42. Bxg7 Kxg7 43. Qd4+ Qxd4 44. cxd4 Ne6 45. Bxe4 Nxg5
46. Bg2 Ne6 47. d5 Nf4 48. d6 Kf6 49. d7 Ke7 50. Bc6 Ne6 51. Kc2 Nd4+ 0-1

[Event "XIII Open"]
[Site "Crema ITA"]
[Date "2011.09.02"]
[Round "1"]
[White "Baroni, Alessandro"]
[Black "Ciochetta, Giovanni"]
[Result "1-0"]
[WhiteElo "1918"]
[BlackElo "1624"]
[PlyCount "61"]
[EventDate "2011.09.02"]

1. e4 e5 2. Nf3 Nc6 3. Bb5 d6 4. d4 a6 5. Bxc6+ bxc6 6. dxe5 Bg4 7. exd6 Bxd6
8. Nc3 Ne7 9. O-O O-O 10. Be3 Ng6 11. h3 Bxf3 12. Qxf3 Qe7 13. Rfe1 Qe5 14. g3
Rab8 15. Rab1 Rb7 16. Qe2 Ra8 17. f4 Qe8 18. Qc4 Qd7 19. Kg2 Rb4 20. Qd3 h5 21.
e5 Rab8 22. exd6 cxd6 23. b3 h4 24. Bc5 hxg3 25. Bxd6 Rd8 26. Rbd1 Rxf4 27.
Kxg3 Rh4 28. Kh2 Qg4 29. Re4 Rxd6 30. Rxg4 Rxd3 31. Rxd3 1-0

[Event "XIII Open"]
[Site "Crema ITA"]
[Date "2011.09.02"]
[Round "1"]
[White "Biava, Pierluigi"]
[Black "Martino, Antonio M."]
[Result "0-1"]
[WhiteElo "1698"]
[BlackElo "1978"]
[PlyCount "38"]
[EventDate "2011.09.02"]

1. c4 c5 2. g3 g6 3. Bg2 Bg7 4. Nc3 Nc6 5. e3 e5 6. Nge2 Nge7 7. O-O O-O 8. d3
d6 9. a3 Rb8 10. Bd2 Be6 11. Qc2 a6 12. f4 b5 13. b3 b4 14. Ne4 Bg4 15. Kf2
Bxe2 16. Kxe2 exf4 17. gxf4 Bxa1 18. Rxa1 Nf5 19. a4 Ncd4+ 0-1

[Event "XIII Open"]
[Site "Crema ITA"]
[Date "2011.09.02"]
[Round "1"]
[White "Bonazzi, Edoardo"]
[Black "Coppola, Federico"]
[Result "1-0"]
[WhiteElo "2131"]
[BlackElo "1802"]
[PlyCount "45"]
[EventDate "2011.09.02"]

1. c4 e5 2. g3 Nf6 3. Bg2 Nc6 4. Nc3 Bc5 5. e3 d6 6. Nge2 O-O 7. O-O Re8 8. d4
exd4 9. exd4 Bb6 10. h3 Bf5 11. g4 Bg6 12. Bg5 h6 13. Bh4 Bh7 14. f4 Nb4 15. f5
c6 16. a3 Na6 17. Ne4 Rc8 18. Nxf6+ gxf6 19. Nf4 Nb8 20. Nh5 Nd7 21. Qd2 Kh8
22. c5 dxc5 23. Qxh6 1-0

[Event "XIII Open"]
[Site "Crema ITA"]
[Date "2011.09.02"]
[Round "1"]
[White "Castrogiovanni, Carlo"]
[Black "Gemelli, Giovanni"]
[Result "1-0"]
[WhiteElo "2004"]
[BlackElo "1741"]
[PlyCount "60"]
[EventDate "2011.09.02"]

1. d4 Nf6 2. c4 g6 3. Nc3 Bg7 4. e4 d6 5. Be2 O-O 6. Bg5 Nbd7 7. Qd2 c5 8. Nf3
a6 9. Bh6 Rb8 10. Bxg7 Kxg7 11. O-O Qc7 12. Rad1 cxd4 13. Nxd4 Nc5 14. Nd5 Nxd5
15. exd5 Nd7 16. Rc1 Ne5 17. Qc3 Kg8 18. h3 Re8 19. Qg3 Kg7 20. b3 Qc5 21. Kh2
Kh8 22. Qc3 Kg8 23. f4 Nd7 24. Qg3 Nf6 25. f5 Kg7 26. h4 b5 27. b4 Qc7 28. cxb5
Nxd5 29. Nc6 Nc3 30. Qxc3+ f6 1-0

[Event "XIII Open"]
[Site "Crema ITA"]
[Date "2011.09.02"]
[Round "1"]
[White "De Palma, Fabrizio"]
[Black "Miracola, Giorgia"]
[Result "1/2-1/2"]
[WhiteElo "2071"]
[BlackElo "1763"]
[PlyCount "44"]
[EventDate "2011.09.02"]

1. Nf3 d5 2. c4 d4 3. g3 c5 4. b4 Nc6 5. b5 Nb8 6. Bg2 Nd7 7. O-O Ngf6 8. d3 e5
9. Nbd2 Be7 10. a4 a5 11. bxa6 Rxa6 12. Qc2 O-O 13. Nb3 Qc7 14. Bd2 Nb8 15.
Rfb1 Nc6 16. Rb2 Bf5 17. Nc1 Rd8 18. Qb3 Ra7 19. Rba2 Ra6 20. Rb2 Ra7 21. Rba2
Ra6 22. Rb2 Ra7 1/2-1/2

[Event "XIII Open"]
[Site "Crema ITA"]
[Date "2011.09.02"]
[Round "1"]
[White "De Paoli, Emilio"]
[Black "Folcini, Gaddo"]
[Result "1-0"]
[WhiteElo "1873"]
[BlackElo "1572"]
[PlyCount "83"]
[EventDate "2011.09.02"]

1. c4 e5 2. Nf3 e4 3. Nd4 Nc6 4. Nc2 Nf6 5. Nc3 Ne5 6. d3 Neg4 7. Nxe4 Nxe4 8.
dxe4 Qf6 9. f3 Bc5 10. e3 Ne5 11. f4 Ng6 12. e5 Qe7 13. Be2 b6 14. Bf3 c6 15.
a3 Qd8 16. b4 Be7 17. Bb2 Nh4 18. Be4 f5 19. Bf3 Nxf3+ 20. Qxf3 O-O 21. O-O-O
Ba6 22. b5 cxb5 23. Qd5+ Kh8 24. cxb5 Bc5 25. bxa6 Rc8 26. Kb1 Rc7 27. Nd4 Qe7
28. Nb5 Rcc8 29. Qxd7 Qh4 30. e6 Qg4 31. Nd6 Bxd6 32. Qxd6 Qe2 33. Qd3 Qf2 34.
Rd2 Qh4 35. Qd7 Rg8 36. g3 Qg4 37. e7 h6 38. Rhd1 Rce8 39. Qxa7 Qf3 40. Qxb6
Qe4+ 41. Ka1 Qxe7 42. Qxh6# 1-0

[Event "XIII Open"]
[Site "Crema ITA"]
[Date "2011.09.02"]
[Round "1"]
[White "Distratis, Gianluca"]
[Black "Raimondi, Celso"]
[Result "1/2-1/2"]
[WhiteElo "1948"]
[BlackElo "1651"]
[PlyCount "114"]
[EventDate "2011.09.02"]

1. e4 c5 2. c3 d5 3. exd5 Qxd5 4. d4 e6 5. Nf3 Nc6 6. Be2 Nf6 7. O-O Be7 8. h3
O-O 9. Be3 cxd4 10. cxd4 a6 11. Nc3 Qa5 12. Qd2 Bb4 13. a3 Bxc3 14. bxc3 Ne4
15. Qc2 Nxc3 16. Bd3 Nd5 17. Bxh7+ Kh8 18. Bd2 Qc7 19. Be4 Nce7 20. Qxc7 Nxc7
21. Rab1 Ncd5 22. Bb4 Nxb4 23. Rxb4 Nd5 24. Bxd5 exd5 25. Rb6 Re8 26. Re1 Re6
27. Rexe6 fxe6 28. Ng5 Rb8 29. a4 Bd7 30. a5 Bc6 31. Nxe6 Re8 32. Nc5 Re1+ 33.
Kh2 Ra1 34. Nxb7 Bxb7 35. Rxb7 Rxa5 36. Rb8+ Kh7 37. Rb6 Ra4 38. Kg3 Rxd4 39.
Rxa6 g6 40. Kf3 Kh6 41. Ke3 Re4+ 42. Kd3 Kg5 43. Ra5 Re5 44. Kd4 Re2 45. Rxd5+
Kh4 46. Re5 Rxf2 47. Re4+ Kh5 48. g4+ Kh4 49. Re3 Rh2 50. Ke5 Rf2 51. Ke4 Rf8
52. Ra3 Rf1 53. Ke5 Rf8 54. Ra6 Kxh3 55. Rxg6 Kh4 56. g5 Kg4 57. Rg7 Rf5+
1/2-1/2

[Event "XIII Open"]
[Site "Crema ITA"]
[Date "2011.09.02"]
[Round "1"]
[White "Dragojlovic, Andjelko"]
[Black "Milanesi, Erminio"]
[Result "1-0"]
[WhiteElo "2381"]
[BlackElo "1842"]
[PlyCount "28"]
[EventDate "2011.09.02"]

1. e4 g6 2. d4 Nh6 3. g3 f6 4. h4 Nf7 5. Nc3 e6 6. Be3 c6 7. Bc4 d5 8. Bb3 Nd7
9. Nge2 c5 10. exd5 e5 11. dxe5 Ndxe5 12. Ba4+ Bd7 13. Bxd7+ Qxd7 14. Ne4 Qf5
1-0

[Event "XIII Open"]
[Site "Crema ITA"]
[Date "2011.09.02"]
[Round "1"]
[White "Falchi, Claudio"]
[Black "Curtacci, Sergio"]
[Result "0-1"]
[WhiteElo "1742"]
[BlackElo "2034"]
[PlyCount "90"]
[EventDate "2011.09.02"]

1. e4 c5 2. Nc3 Nc6 3. g3 g6 4. Bg2 Bg7 5. d3 e6 6. f4 Nge7 7. Nf3 d6 8. O-O
O-O 9. Be3 Nd4 10. e5 Nef5 11. Bf2 d5 12. Nxd4 cxd4 13. Ne2 Qb6 14. Rb1 Bd7 15.
Nxd4 Nxd4 16. c3 Qa6 17. Bxd4 Bb5 18. Rf3 Bc6 19. b4 Ba4 20. Qd2 b5 21. Rc1
Rac8 22. Bf1 Qb7 23. Rf2 Rfd8 24. Be2 Bf8 25. Bd1 Bxd1 26. Qxd1 Rc6 27. a4 Ra6
28. Ra1 Rc8 29. Rfa2 Rac6 30. axb5 Qxb5 31. Ra5 Qb8 32. Rxa7 Rxc3 33. Bxc3 Rxc3
34. Qa4 Qb6+ 35. Kg2 Qe3 36. Ra2 Qxd3 37. Qd7 Qf3+ 38. Kh3 Qxf4 39. Ra8 Qf5+
40. Kg2 Qf3+ 41. Kh3 Qf1+ 42. Kh4 g5+ 43. Kxg5 Qf5+ 44. Kh4 Rc4+ 45. g4 Qxg4#
0-1

[Event "XIII Open"]
[Site "Crema ITA"]
[Date "2011.09.02"]
[Round "1"]
[White "Franco, Alessandro"]
[Black "Ranfagni, Stefano"]
[Result "0-1"]
[WhiteElo "1736"]
[BlackElo "2002"]
[PlyCount "21"]
[EventDate "2011.09.02"]

1. e4 e6 2. d4 d5 3. Nc3 dxe4 4. Nxe4 Nd7 5. Nf3 Ngf6 6. Ng3 c5 7. Be2 cxd4 8.
Qxd4 Bc5 9. Qa4 O-O 10. O-O Qb6 11. c3 0-1

[Event "XIII Open"]
[Site "Crema ITA"]
[Date "2011.09.02"]
[Round "1"]
[White "Frugoni, Giulio"]
[Black "Dallaglio, Giovanni"]
[Result "0-1"]
[WhiteElo "1679"]
[BlackElo "1969"]
[PlyCount "72"]
[EventDate "2011.09.02"]

1. d4 d5 2. Nf3 Nf6 3. e3 Bg4 4. Be2 e6 5. Nbd2 c5 6. c3 Nc6 7. O-O Bd6 8. h3
Bxf3 9. Nxf3 O-O 10. Bd3 a5 11. dxc5 Bxc5 12. a4 e5 13. Bb1 Qe7 14. Re1 Rfd8
15. Qe2 h6 16. e4 d4 17. cxd4 Nxd4 18. Nxd4 Bxd4 19. Ra3 Rac8 20. Rg3 Kh8 21.
Ba2 Qc5 22. Bd5 Rc7 23. Qd2 g5 24. Rf3 Nxd5 25. exd5 Rxd5 26. h4 e4 27. hxg5
Bxf2+ 28. Qxf2 exf3 29. Re8+ Kh7 30. Be3 Rd1+ 31. Kh2 Qd6+ 32. g3 Qg6 33. Qxf3
Rc2+ 34. Kh3 Rh1+ 35. Kg4 Rc4+ 36. Bf4 Qxg5# 0-1

[Event "XIII Open"]
[Site "Crema ITA"]
[Date "2011.09.02"]
[Round "1"]
[White "Galli, Fabrizio"]
[Black "Cocconcelli, Lorenzo"]
[Result "0-1"]
[WhiteElo "1469"]
[BlackElo "1859"]
[PlyCount "44"]
[EventDate "2011.09.02"]

1. d4 d5 2. Nf3 Nf6 3. e3 Bf5 4. Bd3 Bg6 5. O-O e6 6. Ne5 Bd6 7. Re1 Nbd7 8.
Nxg6 hxg6 9. h3 Ne4 10. Bxe4 dxe4 11. Qg4 Nf6 12. Qe2 Qd7 13. Nd2 O-O-O 14. f3
exf3 15. Nxf3 Ne4 16. Ne5 Bxe5 17. dxe5 Qd5 18. b3 Qxe5 19. Ba3 Rd2 20. Qf3 Rh5
21. Qf4 Qd5 22. Qxf7 Rxg2+ 0-1

[Event "XIII Open"]
[Site "Crema ITA"]
[Date "2011.09.02"]
[Round "1"]
[White "Gonella, Daniele"]
[Black "Cervini, Ernesto"]
[Result "1-0"]
[WhiteElo "2103"]
[BlackElo "1776"]
[PlyCount "55"]
[EventDate "2011.09.02"]

1. e4 c5 2. Nc3 Nc6 3. g3 d6 4. Bg2 g6 5. f4 Bg7 6. d3 Nf6 7. Nf3 Bd7 8. O-O
O-O 9. h3 Qc8 10. g4 Nxg4 11. hxg4 Bxg4 12. Be3 h5 13. Qd2 Bxf3 14. Bxf3 Nd4
15. Qg2 e6 16. Kh1 Qd8 17. Rac1 Rb8 18. Qg5 Qd7 19. Bxd4 cxd4 20. Ne2 e5 21. f5
Kh7 22. Rg1 Qe8 23. Bxh5 Bh6 24. fxg6+ Kg7 25. Qf5 f6 26. Rcf1 Rc8 27. Ng3 Qe7
28. Qg4 1-0

[Event "XIII Open"]
[Site "Crema ITA"]
[Date "2011.09.02"]
[Round "1"]
[White "Guasconi, Lelio"]
[Black "Brociner, Beniamino"]
[Result "0-1"]
[WhiteElo "1614"]
[BlackElo "1917"]
[PlyCount "88"]
[EventDate "2011.09.02"]

1. e4 c5 2. Nf3 d6 3. c3 Nf6 4. d3 e6 5. g3 Nc6 6. Bg2 d5 7. Nbd2 Qc7 8. O-O
Be7 9. Re1 b5 10. Nf1 dxe4 11. dxe4 Bb7 12. Bf4 Qb6 13. Qc2 O-O 14. Rad1 Rfd8
15. Rd2 Rxd2 16. N3xd2 Ng4 17. Nf3 Nf6 18. h3 Rd8 19. N1d2 a5 20. a4 Ba6 21.
axb5 Bxb5 22. Qb3 a4 23. Qc2 Ra8 24. Nb1 Qa6 25. Rd1 Bc4 26. Nfd2 Bd3 27. Qc1
c4 28. Na3 Bc5 29. Re1 e5 30. Be3 Nd7 31. Bf1 Bxe3 32. Rxe3 Nc5 33. Ndxc4 Rd8
34. Nb1 Bxc4 35. Bxc4 Qxc4 36. Nd2 Qa2 37. Re2 Nd3 38. Qd1 Qxb2 39. Qxa4 Qxc3
40. Nf3 Nd4 41. Nxd4 Qxd4 42. Qa6 Nc5 43. Qb5 Nxe4 44. Kg2 Nc3 0-1

[Event "XIII Open"]
[Site "Crema ITA"]
[Date "2011.09.02"]
[Round "1"]
[White "Ljubisavljevic, Zivojin Z."]
[Black "Regorda, Vittorio"]
[Result "1-0"]
[WhiteElo "2221"]
[BlackElo "1838"]
[PlyCount "79"]
[EventDate "2011.09.02"]

1. g3 d5 2. Bg2 Nf6 3. c4 c6 4. cxd5 cxd5 5. d4 e6 6. Nc3 a6 7. Bf4 Bd6 8. Bxd6
Qxd6 9. Nf3 O-O 10. O-O Nbd7 11. a4 b6 12. Qb3 Bb7 13. a5 b5 14. Na2 Rfc8 15.
Nd2 Rc7 16. Rfc1 Rac8 17. e3 Rxc1+ 18. Nxc1 Qc6 19. Nd3 Qd6 20. Bf1 Ne4 21. Qd1
Nxd2 22. Qxd2 Nf6 23. f3 h6 24. Nc5 Ba8 25. Rc1 Nd7 26. Nb3 Rxc1 27. Nxc1 Bb7
28. Bd3 Nf6 29. Nb3 Nd7 30. Kf2 e5 31. Bf5 e4 32. Bxd7 Qxd7 33. Nc5 Qf5 34.
Nxb7 Qxf3+ 35. Kg1 h5 36. Qf2 Qd1+ 37. Kg2 h4 38. Nd6 f6 39. Nf5 hxg3 40. hxg3
1-0

[Event "XIII Open"]
[Site "Crema ITA"]
[Date "2011.09.02"]
[Round "1"]
[White "Madaschi, Sergio"]
[Black "Tirelli, Mauro"]
[Result "0-1"]
[WhiteElo "1636"]
[BlackElo "1940"]
[PlyCount "110"]
[EventDate "2011.09.02"]

1. d4 g6 2. c4 Bg7 3. Nc3 d6 4. e4 Nd7 5. Be3 b6 6. Bd3 Bb7 7. Nge2 e6 8. Qd2
h6 9. f3 Ne7 10. O-O-O a6 11. h4 Nf6 12. g4 Qd7 13. Ng3 O-O-O 14. d5 c5 15.
dxc6 Qxc6 16. Qe2 Nd7 17. Qc2 Kb8 18. Nge2 Nc5 19. Nd4 Qc7 20. Be2 Nc6 21.
Nxc6+ Bxc6 22. Bf4 Be5 23. Bxe5 dxe5 24. Rxd8+ Rxd8 25. Rd1 Rd4 26. b4 Nd7 27.
b5 Bb7 28. bxa6 Bxa6 29. Nb5 Bxb5 30. cxb5 Nc5 31. Qc3 Kb7 32. Kb1 Qd8 33. Rxd4
exd4 34. Qc4 d3 35. Bd1 Qxh4 36. a4 Qe1 37. Kc1 Qe3+ 38. Kb1 Qd2 39. Qc1 Qxc1+
40. Kxc1 h5 41. gxh5 gxh5 42. Kd2 Kc7 43. Ke3 Kd6 44. Kf4 f6 45. Kg3 e5 46. Kh4
d2 47. Kxh5 Nd3 48. a5 bxa5 49. b6 Nc5 50. Kg6 Kc6 51. Kxf6 a4 52. b7 Kc7 53.
Kg5 a3 54. f4 a2 55. Kf5 a1=Q 0-1

[Event "XIII Open"]
[Site "Crema ITA"]
[Date "2011.09.02"]
[Round "1"]
[White "Mansueti, Marco"]
[Black "Maraschi, Alberto"]
[Result "1-0"]
[WhiteElo "1856"]
[BlackElo "1386"]
[PlyCount "59"]
[EventDate "2011.09.02"]

1. d4 c6 2. c4 d5 3. e3 Bf5 4. Nc3 Nf6 5. Bd3 Ne4 6. Nge2 e6 7. Bxe4 Bxe4 8.
Nxe4 dxe4 9. Nc3 Bb4 10. Qg4 Bxc3+ 11. bxc3 O-O 12. Qxe4 Qa5 13. Qc2 Nd7 14.
O-O Nb6 15. c5 Nd5 16. Bd2 Qc7 17. c4 Nf6 18. h3 Rfe8 19. Bc3 Nd7 20. f4 f6 21.
Rab1 b6 22. cxb6 axb6 23. Rfd1 c5 24. dxc5 Nxc5 25. Bd4 f5 26. Be5 Qa7 27. Rd6
Rab8 28. Qb2 Ne4 29. Qb5 Rb7 30. Qxe8# 1-0

[Event "XIII Open"]
[Site "Crema ITA"]
[Date "2011.09.02"]
[Round "1"]
[White "Miracola, Massimiliano"]
[Black "Adami, Alessandro"]
[Result "1-0"]
[WhiteElo "1993"]
[BlackElo "1712"]
[PlyCount "75"]
[EventDate "2011.09.02"]

1. e4 c5 2. Nf3 d6 3. d4 cxd4 4. Nxd4 Nf6 5. Nc3 a6 6. Be3 e5 7. Nb3 Be6 8. f3
Be7 9. Qd2 O-O 10. O-O-O Nbd7 11. g4 Nc5 12. h4 Nxb3+ 13. cxb3 b5 14. h5 b4 15.
Nd5 Bxd5 16. exd5 a5 17. g5 Nd7 18. g6 f5 19. h6 hxg6 20. Qg2 g5 21. hxg7 Kxg7
22. Bd3 Nc5 23. Bxc5 Qc8 24. Qh3 Rh8 25. Qxh8+ Qxh8 26. Rxh8 Rxh8 27. Bb6 Kf6
28. Bxa5 g4 29. fxg4 fxg4 30. Rg1 Kg5 31. Be2 Kf4 32. Rxg4+ Ke3 33. Bd1 Rh1 34.
Bxb4 Bf8 35. Bd2+ Kd3 36. Rg3+ Kd4 37. Kc2 Rh2 38. Rd3+ 1-0

[Event "XIII Open"]
[Site "Crema ITA"]
[Date "2011.09.02"]
[Round "1"]
[White "Mussap, Angelo"]
[Black "Carbone, Lorenzo"]
[Result "1-0"]
[WhiteElo "2036"]
[BlackElo "1759"]
[PlyCount "121"]
[EventDate "2011.09.02"]

1. Nf3 c5 2. e4 d6 3. d4 cxd4 4. Nxd4 Nf6 5. Nc3 e6 6. Bg5 Be7 7. Bb5+ Bd7 8.
Qd2 Qc7 9. O-O O-O 10. Rad1 Nc6 11. Be2 a6 12. Bxf6 Bxf6 13. Nxc6 Bxc6 14. Bf3
Rad8 15. Rfe1 b5 16. a3 a5 17. Rb1 b4 18. axb4 axb4 19. Na2 d5 20. Qxb4 dxe4
21. Bxe4 Rd4 22. Qc5 Rc8 23. Qxc6 Qxc6 24. Bxc6 Rxc6 25. c3 Rd2 26. Red1 Re2
27. Nb4 Rc7 28. Kf1 Re5 29. Ra1 g6 30. Ra6 Rh5 31. h3 Be7 32. Nc6 Bf6 33. Nb4
Rf5 34. f3 Be7 35. Rb6 Kg7 36. Nc2 Ra5 37. Rd3 h5 38. Rd1 Rf5 39. Nb4 g5 40.
Rc6 Rb7 41. Rc4 Rfb5 42. Nd3 Rd5 43. Ke2 Rbd7 44. Nf2 Re5+ 45. Re4 Red5 46.
Rxd5 Rxd5 47. b4 Bf6 48. c4 Rd8 49. Nd3 Bc3 50. c5 Kf6 51. Rc4 Bd4 52. b5 Ke7
53. b6 Bg1 54. b7 Bh2 55. Nb4 Kd7 56. Rd4+ Kc7 57. Rxd8 Kxd8 58. Na6 f5 59. Kd3
Be5 60. b8=Q+ Bxb8 61. Nxb8 1-0

[Event "XIII Open"]
[Site "Crema ITA"]
[Date "2011.09.02"]
[Round "1"]
[White "Oteri, Aldo"]
[Black "Ficco, Corrado"]
[Result "0-1"]
[WhiteElo "1797"]
[BlackElo "2117"]
[PlyCount "50"]
[EventDate "2011.09.02"]

1. e4 c5 2. Nf3 e6 3. d4 cxd4 4. Nxd4 Nf6 5. Nc3 Nc6 6. Nxc6 bxc6 7. e5 Nd5 8.
Ne4 Qc7 9. f4 Qb6 10. c3 Be7 11. Bd3 Ba6 12. Bxa6 Qxa6 13. Qd4 O-O 14. Bd2 Rab8
15. b4 f5 16. Nc5 Bxc5 17. Qxc5 Qd3 18. g3 a5 19. a4 axb4 20. cxb4 Qe4+ 21. Kf2
Nxb4 22. Bxb4 Rxb4 23. Ra2 Rfb8 24. Re1 Rb2+ 25. Rxb2 Rxb2+ 0-1

[Event "XIII Open"]
[Site "Crema ITA"]
[Date "2011.09.02"]
[Round "1"]
[White "Pinna, Ferdinando"]
[Black "Marchesotti, Giovanni"]
[Result "1-0"]
[WhiteElo "1903"]
[BlackElo "1599"]
[PlyCount "59"]
[EventDate "2011.09.02"]

1. c4 f5 2. Nf3 Nf6 3. Nc3 g6 4. g3 Bg7 5. Bg2 O-O 6. O-O Nc6 7. d4 Ne4 8. Qd3
Nd6 9. Bf4 Nf7 10. Rad1 Nxd4 11. Nxd4 e5 12. Be3 exd4 13. Bxd4 c6 14. Bxg7 Kxg7
15. c5 Qe7 16. Qd4+ Qe5 17. f4 Qxd4+ 18. Rxd4 Rd8 19. Rfd1 Kf8 20. e4 b6 21.
cxb6 d6 22. exf5 d5 23. fxg6 hxg6 24. bxa7 Rxa7 25. Kf2 Re8 26. Re1 Rxe1 27.
Kxe1 Re7+ 28. Kf2 Nd6 29. Rd1 Bf5 30. Bf3 1-0

[Event "XIII Open"]
[Site "Crema ITA"]
[Date "2011.09.02"]
[Round "1"]
[White "Pisani, Valerio"]
[Black "Agnelli, Francesco"]
[Result "0-1"]
[WhiteElo "1761"]
[BlackElo "2046"]
[PlyCount "68"]
[EventDate "2011.09.02"]

1. Nc3 c5 2. e4 Nc6 3. Nf3 e6 4. Be2 a6 5. a4 Nf6 6. d3 Qc7 7. Bg5 Be7 8. Qd2
b6 9. h3 Bb7 10. Bf4 d6 11. Qe3 Nd7 12. O-O h6 13. Bg3 Bf6 14. Qd2 g5 15. Nd1
Nde5 16. Nxe5 Bxe5 17. Bxe5 Nxe5 18. c3 O-O-O 19. d4 Ng6 20. Bf3 Nf4 21. Ne3 f5
22. d5 exd5 23. exd5 Rdf8 24. Kh2 Kb8 25. g3 Ng6 26. Bh5 Ne5 27. f4 Nd7 28. Qc2
Nf6 29. Bf3 gxf4 30. gxf4 Bc8 31. Nxf5 Qd7 32. Bg4 h5 33. Be2 Nxd5 34. Bd3 Ne3
0-1

[Event "XIII Open"]
[Site "Crema ITA"]
[Date "2011.09.02"]
[Round "1"]
[White "Righini, Giovanni"]
[Black "Gagliardi, Christian"]
[Result "1/2-1/2"]
[WhiteElo "1840"]
[BlackElo "2253"]
[PlyCount "113"]
[EventDate "2011.09.02"]

1. e4 c5 2. c3 d5 3. exd5 Qxd5 4. d4 Nf6 5. Nf3 e6 6. Na3 Qd8 7. Be2 cxd4 8.
Nxd4 a6 9. O-O Be7 10. Qb3 O-O 11. Nc4 Nbd7 12. Bf4 Nd5 13. Bg3 Nc5 14. Qc2 Bd7
15. Ne5 Be8 16. a4 Rc8 17. Bf3 b5 18. axb5 axb5 19. Qe2 Qb6 20. Bxd5 exd5 21.
Nec6 Bxc6 22. Qxe7 Rfe8 23. Qa7 Qxa7 24. Rxa7 Na4 25. Ra6 Bd7 26. Rd6 Be6 27.
Nxb5 Nxb2 28. h3 Rc5 29. Rb6 Nc4 30. Nd6 Nxb6 31. Nxe8 Rxc3 32. Nxg7 Rc6 33.
Be5 Nd7 34. Bd4 Rc4 35. Nxe6 fxe6 36. Rd1 Kf7 37. Be3 h5 38. Rd4 Rc7 39. Ra4
Kf6 40. Ra7 Rxa7 41. Bxa7 Ke5 42. Kf1 Ke4 43. Ke2 Ne5 44. f3+ Kf5 45. g4+ hxg4
46. hxg4+ Kg6 47. Ke3 Nc6 48. Bb6 Kg5 49. Bc7 Kf6 50. f4 Kg6 51. f5+ exf5 52.
gxf5+ Kxf5 53. Bb6 Ke5 54. Bc5 Nd8 55. Bd4+ Kf5 56. Kf3 Ne6 57. Ke3 1/2-1/2

[Event "XIII Open"]
[Site "Crema ITA"]
[Date "2011.09.02"]
[Round "1"]
[White "Rota, Simone"]
[Black "Borboni, Paolo"]
[Result "1/2-1/2"]
[WhiteElo "2002"]
[BlackElo "1726"]
[PlyCount "113"]
[EventDate "2011.09.02"]

1. d4 d5 2. c4 e6 3. Nc3 Nf6 4. cxd5 exd5 5. Bg5 Be7 6. e3 c6 7. Bd3 O-O 8. Qc2
Nbd7 9. Nge2 Re8 10. O-O Nf8 11. Rab1 Ng6 12. b4 Nh5 13. Bxe7 Qxe7 14. b5 Qg5
15. Ng3 Nxg3 16. hxg3 Re6 17. bxc6 bxc6 18. Ne2 Nf8 19. Bf5 Rh6 20. Bxc8 Rxc8
21. Rfc1 Re8 22. Qd3 Ng6 23. Rb7 Qh5 24. Kf1 Qh1+ 25. Ng1 Rh2 26. Ke2 Qxg2 27.
Rf1 Qxg3 28. Ke1 Rxf2 29. Rxf2 Rxe3+ 30. Ne2 Qxf2+ 31. Kxf2 Rxd3 32. Rxa7 h5
33. Ng3 Rxd4 34. Nxh5 c5 35. a4 Ne5 36. a5 Nc6 37. Ra6 Nb4 38. Ra8+ Kh7 39. a6
Nxa6 40. Rxa6 Rc4 41. Ke3 Rc3+ 42. Kd2 d4 43. Nf4 Rf3 44. Nd3 c4 45. Ne5 c3+
46. Kc2 Rf2+ 47. Kc1 Rf5 48. Nd3 g5 49. Rd6 Rf1+ 50. Kc2 f5 51. Rxd4 Kh6 52.
Kxc3 Kh5 53. Kd2 f4 54. Ke2 Rg1 55. Kf2 Rg3 56. Nxf4+ gxf4 57. Rxf4 1/2-1/2

[Event "XIII Open"]
[Site "Crema ITA"]
[Date "2011.09.02"]
[Round "1"]
[White "Scarabelli, Maurizio"]
[Black "Rambaldi, Francesco"]
[Result "0-1"]
[WhiteElo "1817"]
[BlackElo "2176"]
[PlyCount "60"]
[EventDate "2011.09.02"]

1. e4 c5 2. Nf3 e6 3. d4 cxd4 4. Nxd4 a6 5. Bd3 Bc5 6. Nb3 Be7 7. Nc3 Qc7 8.
Be3 Nf6 9. f3 d6 10. Qd2 Nc6 11. Qf2 b5 12. a3 O-O 13. h4 Ne5 14. h5 Nc4 15.
Bxc4 bxc4 16. Bb6 Qd7 17. Na5 d5 18. Rd1 Qe8 19. Qg3 h6 20. Be3 Kh8 21. Ke2 Bd8
22. b4 cxb3 23. Nxb3 dxe4 24. fxe4 e5 25. Rh4 Be6 26. Bc5 Be7 27. Nd5 Qb5+ 28.
Qd3 Bxc5 29. Qxb5 axb5 30. Nxf6 Bxb3 0-1

[Event "XIII Open"]
[Site "Crema ITA"]
[Date "2011.09.02"]
[Round "1"]
[White "Schiatti, Piero"]
[Black "Puricelli, Riccardo"]
[Result "0-1"]
[WhiteElo "1963"]
[BlackElo "1672"]
[PlyCount "50"]
[EventDate "2011.09.02"]

1. c4 c6 2. Nc3 d5 3. cxd5 cxd5 4. d4 Nf6 5. Bf4 Nc6 6. e3 a6 7. Bd3 Bg4 8. Qb3
Ra7 9. Nge2 e6 10. Rc1 Be7 11. O-O O-O 12. Na4 Nh5 13. f3 Bf5 14. Bxf5 exf5 15.
Nac3 Nf6 16. Bg5 Na5 17. Qc2 g6 18. Nf4 b5 19. Bxf6 Bxf6 20. Nfxd5 Bg7 21. Qd3
Qd6 22. Nf4 Nc4 23. Nfe2 Nxb2 24. Qb1 Nc4 25. Nd1 Nd2 0-1

[Event "XIII Open"]
[Site "Crema ITA"]
[Date "2011.09.02"]
[Round "1"]
[White "Tagliaferri, Valerio"]
[Black "Kizov, Atanas"]
[Result "0-1"]
[WhiteElo "1850"]
[BlackElo "2406"]
[PlyCount "125"]
[EventDate "2011.09.02"]

1. d4 Nf6 2. g3 g6 3. Bg2 Bg7 4. e4 d6 5. c4 O-O 6. Nc3 Nc6 7. Nge2 e5 8. d5
Nd4 9. O-O Re8 10. Bg5 h6 11. Be3 Nxe2+ 12. Qxe2 Ng4 13. Bd2 f5 14. f3 Nf6 15.
b4 Bd7 16. Rab1 Qe7 17. Rfc1 h5 18. Bg5 Qf8 19. Qd2 Nh7 20. Be3 Rec8 21. c5 h4
22. Bh3 hxg3 23. hxg3 Nf6 24. Kg2 Nh5 25. Rf1 Nxg3 26. Kxg3 f4+ 27. Kg2 Bxh3+
28. Kxh3 fxe3 29. Qxe3 Bh6 30. Qf2 Qf6 31. Qh4 Qxh4+ 32. Kxh4 Bd2 33. Ne2 Kg7
34. Rfd1 Be3 35. Rd3 Bf2+ 36. Kh3 dxc5 37. Kg2 Bd4 38. bxc5 Bxc5 39. Rxb7 Rab8
40. Rbb3 Kf6 41. f4 exf4 42. Nxf4 Ke5 43. Ne6 Rxb3 44. axb3 Bb6 45. Kf3 Rh8 46.
Ng5 Rf8+ 47. Kg4 Rf4+ 48. Kg3 Rf1 49. Kg4 Rg1+ 50. Kh4 Bf2+ 51. Kh3 Rxg5 52. d6
cxd6 53. Rd5+ Kf4 54. Rxd6 Kxe4 55. Rf6 Bb6 56. Kh4 Rg1 57. Kh3 Kd4 58. Kh2 Rg5
59. Kh3 Kc3 60. Kh4 Rg1 61. Rf3+ Kb4 62. Kh3 g5 63. Kh2 0-1